Countries with the Largest Sovereign Wealth Funds - Statistics

General Stats
  • This quiz has been taken 16,640 times
    16,596 since last reset
  • The average score is 5 of 7
Answer Stats
Value Per Capita Country % Correct
2,012 bil 1,432 China
87%
697 bil 21,161 Saudi Arabia
80%
1,308 bil 139,147 United Arab Emirates
77%
320 bil 121,248 Qatar
75%
642 bil 155,203 Kuwait
68%
1,033 bil 194,708 Norway
59%
556 bil 97,393 Singapore
54%
No matching quizzes found
Score Distribution
Percent of People with Each Score
Percentile by Number Answered
Your Score History
You have not taken this quiz since the last reset